| 000 | 01383nam0a2200325 i 4500 | ||
|---|---|---|---|
| 001 | RU\NLR\bibl\1924002 | ||
| 005 | 20260406072002.0 | ||
| 010 |
_a9785399000367 _95000 |
||
| 021 |
_aRU _b2012-45350 _93334 |
||
| 035 | _a(NLR Aleph) 001913427 | ||
| 090 |
_a3207557 _c3207557 |
||
| 100 | _a20120713d2011 u y0rusy50 ca | ||
| 101 | 1 |
_arus _cfre |
|
| 102 | _aRU | ||
| 105 | _ay ||||||||| | ||
| 200 | 1 |
_aЛюбовь, любовь, любовь ... _dAmour, amour, amour _eо разных способах улучшения отношений, о приятии других и себя _fЛиз Бурбо _g[пер.: Н. Белоусова] _zfre |
|
| 210 |
_aМосква _cСофия _d2011 |
||
| 215 |
_a284, [1] c. _d22 |
||
| 225 | 1 | _aСерия Слушай свое тело | |
| 300 | _aАвт. также на фр. яз.: Lise Bourbeau | ||
| 510 | 0 |
_6z45790 _aAmour, amour, amour _zfre |
|
| 606 | 1 |
_aЛюбовь _jПопулярные издания _xСоциально-психологические исследования _92154281 _3RU\NLR\auth\661297044 |
|
| 686 | _aС550.53я9 | ||
| 700 | 1 |
_4070 _8rus _7ca _aБурбо _bЛ. _f1941- _gЛиз _3RU\NLR\auth\7729312 _912341 |
|
| 790 | 1 |
_4070 _8fre _7ba _aBourbeau _bL. _f1941- _gLise _3RU\NLR\auth\7729314 _912343 |
|
| 801 | 0 |
_aRU _bNLR _c20120713 _gRCR |
|
| 801 | 1 |
_aRU _bNLR _c20120713 |
|
| 942 | _cBOOK | ||
| 980 | _aNBR | ||